000 00691nam a22002057a 4500
003 OSt
005 20250731054455.0
008 250731b |||||||| |||| 00| 0 eng d
020 _a9789719919926
040 _aDWCL-Main lib
_cOC
082 _aFil. 657 V173p 2015
100 _aValix, Conrado T.
245 _aPractical accounting one : includes SMEs :
_bCPA examination, volume one/
_cConrado T. Valix
250 _a 2015 edition.
260 _aManila :
_bGIC Enterprises,
_cc2015.
300 _a840 pages ;
_c23 cm.
650 _a1. Accounting--Examinations, questions, etc.
650 _a2. Accounting--Problems, exercises, etc.
942 _2ddc
_cBK - FIL
_e2015 edition.
_kFil.
_n0
999 _c3919
_d3919